000 00306nam a22001337a 4500
008 170616b xxu||||| |||| 00| 0 eng d
020 _a9780786445455
041 _aeng
080 _a32
100 _a20
101 _aSHP
245 _aPOLITICS AND SOCIETY IN SOUTHEAST ASIA
_cPOOLE,P.A
942 _2udc
_cBK
999 _c17702
_d17702